01502cam a22003371a 4500001001300000003000400013005001700017008004100034010001700075035001900092040004400111050003000155051001600185070002300201072000900224082001100233100009000244245011800334260005400452300007200506490012800578500005000706500019600756504003200952500002000984650003001004651004001034651003001074650004301104999001701147gs 32000012 DLC20260227111336.0790517s1931 ne abf b 001 0 eng c ags 32000012  a(OCoLC)4977419 aU.S. Geol. Survey Libr.cNICdDNALdDLC00aQ57b.A533 deel 27, no. 3 aQE671b.W370 aQ57.V47bd.27 no.300aX400 a551.432 aWaterschoot van der Gracht, W. A. J. M. vanq(Willem Anton Joseph Maria),d1873-1943.14aThe Permo-Carboniferous orogeny in the south-central United States /cby W.A.J.M. van Waterschoot van der Gracht. aAmsterdam :bNoord-Hollandsche Uitg. Mij.,c1931. a170 p., [12] leaves of plates (some folded) :bill., maps ;c27 cm.0 aVerhandelingen der Koninklijke Akademie van Wetenschappen te Amsterdam, Afdeeling Natuurkunde. Tweede sectie ;vd. 27 no. 3 aPart of illustrative matter folded in pocket. aPresented at the meeting of the Royal Academy of Sciences in Amsterdam in Feb. 1930. Also read before the American Association of Petroleum Geologists at the New Orleans meeting in Mar. 1930. aBibliography: p. [157]-162. aIncludes index. 0aMountainszUnited States. 0aOuachita Mountains (Ark. and Okla.) 0aWichita Mountains (Okla.) 0aGeology, StratigraphicyCarboniferous. c26929d26929